000 00619nam a2200217Ia 4500
005 20250326144719.0
008 250326s9999 xx 000 0 und d
020 _a978-1-4221-3164-0
037 _aTextbook
040 _aFMSL
_beng
_cFMSL
041 _aeng
_2eng
084 _aT(X:8) Q0;1
_qFMSL
100 _aDatar S M
_9749992
245 0 _aRethinking the MBA: Business education at a crossroads
_cDatar S M And Others
260 _aBoston
_bBoston, Harvard Business
_c2010
300 _a378p
365 _b1790
650 _aManagement
942 _cTB
_hT(X:8) Q0;1
999 _c1304721
_d1304721